00898nab a22002177a 4500003000400000005001700004008004100021040000700062100003800069245008400107260007300191300001300264500007300277505008900350650002900439650002600468650002500494650001300519650001400532773013400546OSt20260130203733.0190603e xxum|||| |||| 00| 0 spa d cPJ aJozami Delibasich, José Emilio 10aResponsabilidad por lesiones a deportistas /cJosé Emilio Jozami Delibasich.  cCiudad Autónoma de Buenos Aires :aThomson Reuters La Ley, b2025. ap. 20-26 aCita: TR LALEY AR/DOC/2277/2025 Publicado en: RCCyC 2025 (Octubre). t¿Te interesa el texto completo? Solicitalo al correo: koha@justierradelfuego.gov.ar 0aCODIGO CIVIL Y COMERCIAL 0aRESPONSABILIDAD CIVIL 0aDAÑOS Y PERJUICIOS 0aDEPORTES 0aLESIONES 0 02713dCiudad Autónoma de Buenos Aires : Thomson Reuters La Ley, 2015-tRevista Código Civil y Comercial. Nº 5 - Octubre 2025